LEADER 01430nam a2200301 i 4500 001 000000062149 003 CaOOAMICUS 005 20131023000000.0 008 131023s1855 it u000 u ita u 013 $a33321 040 $aSeMil$bita 100 1 $aRosmini, Antonio,$c.$0(OLS)http://semarc/name/405 245 10$aAristotele /$cesposto ed esaminato da Antonio Rosmini. L'Impero romano dopo la pace della chiesa / del signor Montalembert. Del sistema che fonda la morale sull'utilità / di Alessandro Manzoni. 260 $aMilano :$bVolpato e C.,$c1855. 300 $a165 p. ;$c23 cm. 490 0 $aPoliantea cattolica 700 1 $aMontalembert, Charles : de,$d<1810-1870>.$0(OLS)http://semarc/name/6409 700 1 $aManzoni, Alessandro,$d<1785-1873>.$0(OLS)http://semarc/name/1162 830 0$aPoliantea cattolica.$0(OLS)http://semarc/title/36748 850 $aSeMil 852 $aSeMil$W1$xVenegono$y1$m2L III 5 FA$j28302$B28302$CSeMilBibl$Z2$F28305 $8I 852 $aSeMil$W1$xVenegono$y1$m5B III 9/9$j239212$B244570$CSeMilBibl$Z2$F244570 $8I 900 1 $aRosmini Serbati, Antonio. 961 $aRecupero da Biblioteca Seminario Liceale Monza 961 $aEtichetta della Biblioteca del Seminario Liceale di Monza 996 $6245$aAristotele$9(OLS)http://semarc/title/78653 996 $6260$aMilano :$bVolpato e C.$9(OLS)http://semarc/publisher/37682 LEADER 00939nam a2200229 i 4500 001 000000064894 003 CaOOAMICUS 005 20120322000000.0 008 120322s1969 it u000 u ita u 013 $a36066 040 $aSeMil$bita 100 1 $aCaster, Marcel : van,$c.$0(OLS)http://semarc/name/10005 245 10$aTemi fondamentali della catechesi. 300 $a785 p. 490 0 $aBiblioteca di cultura religiosa. 2. serie ;$v120 650 4$aCatechesi.$0(OLS)http://semarc/subject/3693 773 0 $aCaster, Marcel : van, $tStrutture della Catechesi.$dRoma : Edizioni Paoline, 1968.$gVolume2$w()22296 830 0$aBiblioteca di cultura religiosa. 2. serie ;$v120.$0(OLS)http://semarc/title/11727 850 $aSeMil 852 $aSeMil$W1$xVenegono$y1$m2C I 231$j31047$B31047$CSeMilBibl$Z2$F31050 $81 961 $aOmaggio: Donazione 996 $6245$aTemi fondamentali della catechesi$9(OLS)http://semarc/title/102899